000 00376pab a2200157 454500
008 180718b2013 xxu||||| |||| 00| 0 eng d
100 _aTiwari, Sanjay
245 _aRural employment potential for inclusive growth
260 _c2013
300 _ap.28-31.
362 _aJul
650 _aEmployment
773 _aKurukshetra (English)
908 _aN
909 _a101258
999 _c101257
_d101257